|
|
|
|
| LEADER |
00000nam a2200000 4500 |
| 001 |
vtls012126221 |
| 003 |
SK-MaSNL |
| 005 |
20260301055256.0 |
| 007 |
co mg auuua |
| 008 |
220308s2021 xo a f 000 0 slo |
| 020 |
|
|
|a 9788080406073
|q (elektronická kniha)
|
| 040 |
|
|
|a SNK
|b slo
|c SNK
|e rda
|
| 041 |
0 |
|
|a slo
|
| 044 |
|
|
|a xo
|c SK
|
| 072 |
|
7 |
|a 358
|x Vojenské letectvo. Delostrelectvo. Ženijné jednotky. Technické služby armády. Chemické vojsko
|2 konspekt
|
| 080 |
|
|
|a (048.8)
|2 2011
|
| 080 |
|
|
|a (0.034.44)
|2 2011
|
| 080 |
|
|
|a 358.4
|2 2011
|
| 080 |
|
|
|a 656.7.082
|2 2011
|
| 080 |
|
|
|a 629.7.067
|2 2011
|
| 100 |
1 |
|
|a Kelemen, Miroslav,
|d 1966-
|4 aut
|9 145558
|
| 245 |
1 |
0 |
|a Informačné problémy vyšetrovania okolností leteckých nehôd a prevencie nehodovosti vojenského letectva
|b vedecká monografia
|c Miroslav Kelemen
|
| 250 |
|
|
|a 2. vydanie
|
| 264 |
|
1 |
|a Liptovský Mikuláš
|b Akadémia ozbrojených síl generála Milana Rastislava Štefánika v Liptovskom Mikuláši
|c 2021
|
| 300 |
|
|
|a 1 CD-ROM
|b schémy, tabuľky
|c 12 cm
|
| 336 |
|
|
|a text
|b txt
|2 rdacontent
|
| 337 |
|
|
|a počítač
|b c
|2 rdamedia
|
| 338 |
|
|
|a počítačový disk
|b cd
|2 rdacarrier
|
| 347 |
|
|
|a textový súbor
|b PDF
|2 rda
|
| 366 |
|
|
|e 100 kusov
|
| 500 |
|
|
|a Celkovo 3. aktualizované a doplnené vydanie
|
| 504 |
|
|
|a Obsahuje bibliografiu na strane 140-142
|
| 650 |
0 |
7 |
|a vojenské letectvo
|2 SNKPH
|9 69447
|
| 650 |
0 |
7 |
|a letecké nehody
|2 SNKPH
|9 69420
|
| 650 |
0 |
7 |
|a letecká bezpečnosť
|2 SNKPH
|9 324461
|
| 650 |
0 |
7 |
|a Air forces
|2 SNKPHeng
|9 274433
|
| 650 |
0 |
7 |
|a Aircraft crashes
|2 SNKPHeng
|9 324462
|
| 650 |
0 |
7 |
|a Air safety
|2 SNKPHeng
|9 324463
|
| 655 |
|
7 |
|a monografie
|2 SNKPH
|9 70139
|
| 655 |
|
7 |
|a CD-ROM
|2 SNKPH
|9 70236
|
| 655 |
|
7 |
|a Monographs
|2 SNKPHeng
|9 120675
|
| 710 |
2 |
|
|a Akadémia ozbrojených síl generála Milana Rastislava Štefánika v Liptovskom Mikuláši
|4 pbl
|9 89575
|
| 852 |
|
|
|a Slovenská národná knižnica
|
| 856 |
4 |
1 |
|u https://digitalnakniznica.cvtisr.sk/zoom/8141/view?page=1&p=separate&tool=info
|
| 919 |
|
|
|a 978-80-8040-607-3
|
| 958 |
|
|
|a NB
|
| 999 |
|
|
|c 612972
|d 614902
|
| 952 |
|
|
|a SNK
|b SNK
|y PREZ
|7 0
|p 17A1529488
|o snkSCDM 12663
|i snk2023/8678
|8 0
|0 0
|1 0
|4 0
|d 2023-05-31
|l 0
|r 2026-02-23 16:29:07
|w 2026-02-23
|
| 952 |
|
|
|t snkINF 358
|a SNKMST
|b SNKMST
|y PREZ
|7 0
|p 17A1529489
|o snkSCDM 12663 D1
|i snk2023/8679
|8 0
|0 0
|1 0
|4 0
|d 2023-05-31
|l 0
|r 2025-08-11 00:00:00
|w 2026-02-23
|